000 00585nam a2200157 4500
999 _c7127
_d7127
008 170801b xxu||||| |||| 00| 0 eng d
022 _a16565541
082 _aDPer 641.05 F73 Dec 2012-Nov 2013 v. 9-10, n. 6-5
100 _921535
_aFontanilla, Marilen.
245 _aTimeless Taal/
_cMarilen Fontanilla.
260 _aMakati City, Philippines:
_bHinge Inquirer Publications, Inc.,
_c©2012-2013.
300 _av10 n3, page 25:
_billustrations;
_c28 cm.
500 _aFood and beverages: make a living with food.
650 0 _921536
_aTourist trade
_xDestination
942 _2ddc
_cPER